[Event "MPA 2100 2024"]
[Site "Sianozety"]
[Date "2024.04.12"]
[Round "4.1"]
[White "Zgadzaj, Rafal"]
[Black "Lewandrowski, Tomasz"]
[Result "1-0"]
[BlackElo "1919"]
[WhiteElo "1952"]
[LiveChessVersion "1.4.4"]

1. c4 {[%clk 1:30:58]} e5 {[%clk 1:30:40]} 2. Nc3 {[%clk 1:30:57]} Nc6
{[%clk 1:30:52]} 3. g3 {[%clk 1:31:08]} h5 {[%clk 1:29:53]} 4. h4
{[%clk 1:29:49]} Nf6 {[%clk 1:28:30]} 5. Bg2 {[%clk 1:28:14]} d6 {[%clk 1:28:37]}
6. d3 {[%clk 1:25:58]} Be7 {[%clk 1:27:30]} 7. Rb1 {[%clk 1:23:45]} Nd4
{[%clk 1:19:53]} 8. b4 {[%clk 1:21:46]} c6 {[%clk 1:19:40]} 9. e3
{[%clk 1:15:33]} Nf5 {[%clk 1:17:15]} 10. Nf3 {[%clk 1:11:47]} Ng4
{[%clk 1:16:47]} 11. e4 {[%clk 1:03:24]} Nfh6 {[%clk 1:15:04]} 12. b5
{[%clk 0:58:06]} O-O {[%clk 1:11:43]} 13. bxc6 {[%clk 0:53:37]} bxc6
{[%clk 1:12:12]} 14. Qa4 {[%clk 0:48:54]} Qc7 {[%clk 1:11:31]} 15. O-O
{[%clk 0:45:48]} f5 {[%clk 1:04:52]} 16. exf5 {[%clk 0:43:58]} Bxf5
{[%clk 1:05:09]} 17. Ne1 {[%clk 0:42:52]} Bd7 {[%clk 1:00:48]} 18. Nc2
{[%clk 0:37:29]} Nf5 {[%clk 1:00:33]} 19. Qa6 {[%clk 0:37:31]} Rab8
{[%clk 0:59:56]} 20. Rxb8 {[%clk 0:33:30]} Rxb8 {[%clk 1:00:26]} 21. Ne4
{[%clk 0:33:05]} d5 {[%clk 0:57:26]} 22. Ng5 {[%clk 0:30:07]} Bc5
{[%clk 0:57:00]} 23. cxd5 {[%clk 0:27:06]} Nxf2 {[%clk 0:55:49]} 24. Qc4
{[%clk 0:24:06]} Ne4+ {[%clk 0:51:59]} 25. d4 {[%clk 0:19:31]} Nfd6
{[%clk 0:51:43]} 26. Qd3 {[%clk 0:17:20]} cxd5 {[%clk 0:50:05]} 27. dxc5
{[%clk 0:16:24]} Qxc5+ {[%clk 0:48:22]} 28. Be3 {[%clk 0:10:25]} Bb5
{[%clk 0:45:29]} 29. Nxe4 {[%clk 0:06:49]} Nxe4 {[%clk 0:44:48]} 30. Qxe4
{[%clk 0:03:12]} dxe4 {[%clk 0:44:11]} 31. Bxc5 {[%clk 0:03:30]} Bxf1
{[%clk 0:44:39]} 32. Kxf1 {[%clk 0:02:29]} Rc8 {[%clk 0:45:09]} 33. Bxa7
{[%clk 0:02:52]} Rxc2 {[%clk 0:45:37]} 34. Bxe4 {[%clk 0:03:12]} Rc3
{[%clk 0:44:39]} 35. Kf2 {[%clk 0:02:21]} Kf7 {[%clk 0:45:08]} 36. Be3
{[%clk 0:02:14]} Ke6 {[%clk 0:44:58]} 37. Kf3 {[%clk 0:01:20]} Ra3
{[%clk 0:45:22]} 38. Bh7 {[%clk 0:01:36]} Kf7 {[%clk 0:45:26]} 39. Bc2
{[%clk 0:02:00]} Kf6 {[%clk 0:45:39]} 40. Bb3 {[%clk 0:02:05]} Kf5
{[%clk 0:45:33]} 41. Bc5 {[%clk 0:02:21]} Ra8 {[%clk 0:44:04]} 42. a4
{[%clk 0:02:20]} Rc8 {[%clk 0:41:09]} 43. Be3 {[%clk 0:02:23]} Rc3
{[%clk 0:41:23]} 44. Bd5 {[%clk 0:02:09]} Ra3 {[%clk 0:41:26]} 45. Bc6
{[%clk 0:02:27]} g6 {[%clk 0:41:23]} 46. Bd7+ {[%clk 0:02:43]} Kf6
{[%clk 0:41:29]} 47. Ke4 {[%clk 0:03:08]} Rb3 {[%clk 0:40:10]} 48. Bg5+
{[%clk 0:02:05]} Kf7 {[%clk 0:40:40]} 49. Kxe5 {[%clk 0:02:17]} Rxg3
{[%clk 0:40:52]} 50. Kd6 {[%clk 0:02:07]} Rd3+ {[%clk 0:39:24]} 51. Kc7
{[%clk 0:02:32]} Rc3+ {[%clk 0:39:44]} 52. Kb6 {[%clk 0:02:19]} Rb3+
{[%clk 0:39:59]} 53. Bb5 {[%clk 0:02:46]} Ke6 {[%clk 0:40:14]} 54. a5
{[%clk 0:03:00]} Ra3 {[%clk 0:38:54]} 55. a6 {[%clk 0:03:22]} Kd6
{[%clk 0:39:11]} 56. a7 {[%clk 0:03:03]} Ra1 {[%clk 0:39:23]} 57. Bf4+
{[%clk 0:03:00]} Ke6 {[%clk 0:39:48]} 58. Bc6 {[%clk 0:03:08]} Kf5
{[%clk 0:39:30]} 59. Bg5 {[%clk 0:03:31]} 1-0

[Event "MPA 2100 2024"]
[Site "Sianozety"]
[Date "2024.04.12"]
[Round "4.2"]
[White "Spyra, Piotr"]
[Black "Motyl, Tomasz"]
[Result "1-0"]
[BlackElo "1891"]
[WhiteElo "1915"]
[LiveChessVersion "1.4.4"]

1. e4 {[%clk 1:30:56]} c5 {[%clk 1:30:40]} 2. Nf3 {[%clk 1:31:14]} Nc6
{[%clk 1:28:42]} 3. d4 {[%clk 1:31:15]} cxd4 {[%clk 1:29:03]} 4. Nxd4
{[%clk 1:31:39]} Nf6 {[%clk 1:27:31]} 5. Nc3 {[%clk 1:32:02]} d6 {[%clk 1:25:23]}
6. g3 {[%clk 1:31:37]} Bd7 {[%clk 1:22:51]} 7. Nde2 {[%clk 1:31:17]} e6
{[%clk 1:16:36]} 8. Bg2 {[%clk 1:31:31]} a6 {[%clk 1:15:13]} 9. O-O
{[%clk 1:31:11]} b5 {[%clk 1:13:21]} 10. a3 {[%clk 1:29:28]} Rc8 {[%clk 1:11:24]}
11. Nd4 {[%clk 1:29:19]} Qc7 {[%clk 1:05:16]} 12. Nb3 {[%clk 1:28:58]} Be7
{[%clk 1:04:14]} 13. f4 {[%clk 1:29:01]} O-O {[%clk 1:03:33]} 14. Be3
{[%clk 1:28:57]} Rfd8 {[%clk 0:59:02]} 15. g4 {[%clk 1:27:11]} Na5
{[%clk 0:54:49]} 16. Nxa5 {[%clk 1:27:30]} Qxa5 {[%clk 0:55:08]} 17. g5
{[%clk 1:27:48]} Ne8 {[%clk 0:52:40]} 18. f5 {[%clk 1:21:50]} b4 {[%clk 0:37:24]}
19. fxe6 {[%clk 1:01:12]} Bxe6 {[%clk 0:36:17]} 20. Nd5 {[%clk 1:01:32]} Bxd5
{[%clk 0:33:17]} 21. exd5 {[%clk 1:01:38]} Nc7 {[%clk 0:24:53]} 22. Be4
{[%clk 1:01:24]} Rf8 {[%clk 0:22:53]} 23. Rf3 {[%clk 0:51:38]} g6
{[%clk 0:19:06]} 24. Rh3 {[%clk 0:51:48]} f5 {[%clk 0:18:09]} 25. gxf6
{[%clk 0:51:50]} Rxf6 {[%clk 0:16:58]} 26. Qd2 {[%clk 0:32:30]} Rb8
{[%clk 0:14:11]} 27. Rg3 {[%clk 0:28:53]} Qb5 {[%clk 0:12:00]} 28. a4
{[%clk 0:28:46]} Qd7 {[%clk 0:08:56]} 29. Bd4 {[%clk 0:28:20]} Rf7
{[%clk 0:06:05]} 30. Bxg6 {[%clk 0:25:39]} hxg6 {[%clk 0:06:14]} 31. Rxg6+
{[%clk 0:26:02]} Kf8 {[%clk 0:06:38]} 32. Qh6+ {[%clk 0:26:14]} Ke8
{[%clk 0:06:55]} 33. Rg8+ {[%clk 0:26:22]} Rf8 {[%clk 0:02:56]} 34. Rxf8+
{[%clk 0:25:18]} Bxf8 {[%clk 0:03:18]} 35. Re1+ {[%clk 0:25:35]} Kd8
{[%clk 0:02:28]} 36. Qxf8+ {[%clk 0:25:21]} Ne8 {[%clk 0:02:52]} 37. Bf6+
{[%clk 0:25:27]} 1-0

[Event "MPA 2100 2024"]
[Site "Sianozety"]
[Date "2024.04.12"]
[Round "4.3"]
[White "Trybus, Dominika"]
[Black "Plotka, Wojciech"]
[Result "1/2-1/2"]
[BlackElo "1958"]
[WhiteElo "1867"]
[LiveChessVersion "1.4.4"]

1. e4 {[%clk 1:30:58]} d6 {[%clk 1:30:47]} 2. d4 {[%clk 1:31:23]} Nf6
{[%clk 1:30:55]} 3. Bd3 {[%clk 1:31:22]} g6 {[%clk 1:28:06]} 4. f4
{[%clk 1:29:10]} Bg7 {[%clk 1:26:58]} 5. Nf3 {[%clk 1:29:31]} c5 {[%clk 1:24:02]}
6. c3 {[%clk 1:25:07]} O-O {[%clk 1:22:25]} 7. O-O {[%clk 1:23:55]} Bg4
{[%clk 1:18:34]} 8. Be3 {[%clk 1:19:38]} cxd4 {[%clk 1:09:44]} 9. cxd4
{[%clk 1:14:17]} Qb6 {[%clk 1:09:09]} 10. Qd2 {[%clk 1:13:20]} Bxf3
{[%clk 1:07:34]} 11. gxf3 {[%clk 1:13:29]} d5 {[%clk 0:59:44]} 12. e5
{[%clk 1:08:44]} Nh5 {[%clk 0:59:31]} 13. f5 {[%clk 1:08:26]} Nc6
{[%clk 0:48:51]} 14. Nc3 {[%clk 0:59:54]} Nxd4 {[%clk 0:43:47]} 15. Qf2
{[%clk 0:58:18]} Bxe5 {[%clk 0:36:06]} 16. Nb5 {[%clk 0:53:48]} Nf4
{[%clk 0:22:16]} 17. Bxf4 {[%clk 0:53:50]} Nxf3+ {[%clk 0:19:26]} 18. Kh1
{[%clk 0:53:28]} Qxf2 {[%clk 0:17:27]} 19. Rxf2 {[%clk 0:53:48]} Bxf4
{[%clk 0:17:37]} 20. Rxf3 {[%clk 0:54:06]} e5 {[%clk 0:12:53]} 21. fxe6
{[%clk 0:52:25]} fxe6 {[%clk 0:13:14]} 22. Raf1 {[%clk 0:52:42]} g5
{[%clk 0:10:35]} 23. Rh3 {[%clk 0:50:53]} a6 {[%clk 0:05:47]} 24. Nd4
{[%clk 0:49:25]} Rae8 {[%clk 0:03:02]} 25. Bxh7+ {[%clk 0:49:01]} Kg7
{[%clk 0:03:22]} 26. Bc2 {[%clk 0:46:05]} e5 {[%clk 0:01:58]} 27. Nf5+
{[%clk 0:44:50]} Kg8 {[%clk 0:02:27]} 28. Nh6+ {[%clk 0:40:53]} Kg7
{[%clk 0:02:57]} 29. Nf5+ {[%clk 0:39:50]} Kg8 {[%clk 0:03:25]} 30. Nh6+
{[%clk 0:38:13]} Kg7 {[%clk 0:03:52]} 31. Nf5+ {[%clk 0:38:27]} Kg8 32. Nd6 Re7
33. Bb3 Ree8 34. Bc2 Rd8 35. Bh7+ Kg7 36. Nf5+ Kh8 37. Bg6+ Kg8 1/2-1/2

[Event "MPA 2100 2024"]
[Site "Sianozety"]
[Date "2024.04.12"]
[Round "4.4"]
[White "Gabrys, Lukasz"]
[Black "Guzik, Jolanta"]
[Result "1-0"]
[BlackElo "1977"]
[WhiteElo "1993"]
[LiveChessVersion "1.4.4"]

1. e4 d5 2. exd5 Qxd5 3. Nc3 Qa5 4. Bc4 Nf6 5. d3 c6 6. Bd2 Qc7 7. Qe2 Bg4 8. f3
Bd7 9. a4 e6 10. g4 Bd6 11. O-O-O Bf4 12. h4 Bxd2+ 13. Qxd2 Qa5 14. h5 h6 15. Qe2
Na6 16. f4 Nc7 17. Bb3 O-O-O 18. Ne4 Nce8 19. Nh3 Nd5 20. d4 Qc7 21. Rhf1 Nef6
22. Nc5 Rdf8 23. Nd3 Be8 24. Ne5 Qa5 25. Kb1 Qc7 26. Rc1 Qd6 27. Rfd1 Qb4 28. Qf3
Kb8 29. Nf2 Qb6 30. c4 Nb4 31. Qc3 a5 32. Qe3 Nd7 33. Ne4 Nf6 34. Nc5 Qc7 35. d5
Nd7 36. d6 Qd8 37. Ncxd7+ Bxd7 38. c5 Nd5 39. Bxd5 exd5 40. Qb3 f6 41. Nxd7+ Qxd7
42. f5 Re8 43. Re1 Re5 44. Rxe5 fxe5 45. Qc3 Re8 46. Qxa5 e4 1-0

[Event "MPA 2100 2024"]
[Site "Sianozety"]
[Date "2024.04.12"]
[Round "5.1"]
[White "Spyra, Piotr"]
[Black "Zgadzaj, Rafal"]
[Result "0-1"]
[BlackElo "1952"]
[WhiteElo "1915"]
[LiveChessVersion "1.4.4"]

1. e4 {[%clk 1:30:57]} g6 {[%clk 1:30:56]} 2. d4 {[%clk 1:31:18]} Bg7
{[%clk 1:31:22]} 3. Nc3 {[%clk 1:31:24]} c6 {[%clk 1:31:49]} 4. Be2
{[%clk 1:31:42]} d5 {[%clk 1:32:09]} 5. e5 {[%clk 1:32:03]} f6 {[%clk 1:32:21]}
6. f4 {[%clk 1:32:23]} Nh6 {[%clk 1:28:50]} 7. g4 {[%clk 1:25:22]} Be6
{[%clk 1:23:46]} 8. Be3 {[%clk 1:23:24]} Qb6 {[%clk 1:21:10]} 9. Na4
{[%clk 1:21:36]} Qa5+ {[%clk 1:19:12]} 10. c3 {[%clk 1:21:33]} Nd7
{[%clk 1:15:31]} 11. b4 {[%clk 1:18:53]} Qc7 {[%clk 1:14:36]} 12. h3
{[%clk 1:11:28]} Nf7 {[%clk 0:58:27]} 13. Bd3 {[%clk 1:02:56]} fxe5
{[%clk 0:30:35]} 14. f5 {[%clk 0:58:11]} Nf8 {[%clk 0:28:53]} 15. fxe6
{[%clk 0:57:37]} Nxe6 {[%clk 0:29:21]} 16. Ne2 {[%clk 0:53:11]} e4
{[%clk 0:28:42]} 17. Bc2 {[%clk 0:52:06]} Nfg5 {[%clk 0:26:23]} 18. Kd2
{[%clk 0:51:12]} Nf3+ {[%clk 0:26:35]} 19. Kc1 {[%clk 0:51:33]} b5
{[%clk 0:24:53]} 20. Nb2 {[%clk 0:46:26]} a5 {[%clk 0:25:00]} 21. Ng1
{[%clk 0:43:52]} O-O {[%clk 0:22:32]} 22. Nxf3 {[%clk 0:40:27]} Rxf3
{[%clk 0:23:00]} 23. Qd2 {[%clk 0:40:06]} axb4 {[%clk 0:23:10]} 24. cxb4
{[%clk 0:37:53]} Ra3 {[%clk 0:23:17]} 25. Bb3 {[%clk 0:37:28]} Qa7
{[%clk 0:21:14]} 26. Qc3 {[%clk 0:27:25]} Bxd4 {[%clk 0:19:03]} 27. Qxc6
{[%clk 0:27:32]} Bxe3+ {[%clk 0:16:37]} 28. Kb1 {[%clk 0:27:54]} Nd4
{[%clk 0:11:33]} 29. Bxd5+ {[%clk 0:24:46]} Kg7 {[%clk 0:11:47]} 30. Qb7
{[%clk 0:22:57]} Ne2 {[%clk 0:09:52]} 31. Nd1 {[%clk 0:16:41]} Qxb7
{[%clk 0:08:51]} 32. Bxb7 {[%clk 0:17:10]} Bd4 {[%clk 0:09:09]} 33. Bxe4
{[%clk 0:17:29]} Rxh3 {[%clk 0:07:41]} 34. Re1 {[%clk 0:16:49]} Rh2
{[%clk 0:07:10]} 35. Bc6 {[%clk 0:15:53]} Bxa1 {[%clk 0:06:44]} 36. Kxa1
{[%clk 0:16:13]} Nd4 0-1

[Event "MPA 2100 2024"]
[Site "Sianozety"]
[Date "2024.04.12"]
[Round "5.2"]
[White "Plotka, Wojciech"]
[Black "Gabrys, Lukasz"]
[Result "0-1"]
[BlackElo "1993"]
[WhiteElo "1958"]
[LiveChessVersion "1.4.4"]

1. d4 {[%clk 1:30:52]} f5 {[%clk 1:30:48]} 2. e3 {[%clk 1:30:53]} Nf6
{[%clk 1:30:54]} 3. f4 {[%clk 1:31:03]} e6 {[%clk 1:29:45]} 4. c4
{[%clk 1:30:28]} b6 {[%clk 1:29:49]} 5. Nf3 {[%clk 1:29:48]} Bb7 {[%clk 1:30:12]}
6. Bd3 {[%clk 1:29:24]} Be7 {[%clk 1:29:25]} 7. O-O {[%clk 1:29:45]} O-O
{[%clk 1:29:26]} 8. Nc3 {[%clk 1:21:54]} Qe8 {[%clk 1:24:27]} 9. Qc2
{[%clk 1:16:00]} Na6 {[%clk 1:21:20]} 10. a3 {[%clk 1:15:54]} c5 {[%clk 1:21:16]}
11. b3 {[%clk 1:06:26]} Nc7 {[%clk 1:20:21]} 12. Rb1 {[%clk 1:01:06]} Rc8
{[%clk 1:18:09]} 13. dxc5 {[%clk 0:57:02]} bxc5 {[%clk 1:18:19]} 14. e4
{[%clk 0:55:45]} fxe4 {[%clk 1:16:21]} 15. Nxe4 {[%clk 0:56:05]} Qh5
{[%clk 1:16:00]} 16. Nfg5 {[%clk 0:47:34]} Nxe4 {[%clk 1:09:09]} 17. Bxe4
{[%clk 0:44:46]} Bxe4 {[%clk 1:09:06]} 18. Nxe4 {[%clk 0:44:32]} d5
{[%clk 1:09:17]} 19. Ng3 {[%clk 0:43:35]} Qg4 {[%clk 1:08:21]} 20. f5
{[%clk 0:36:55]} Bd6 {[%clk 1:05:16]} 21. cxd5 {[%clk 0:19:11]} Bxg3
{[%clk 0:58:00]} 22. hxg3 {[%clk 0:16:57]} Nxd5 {[%clk 0:57:25]} 23. Qc4
{[%clk 0:14:43]} Qxg3 {[%clk 0:53:49]} 24. Rf3 {[%clk 0:13:07]} Qd6
{[%clk 0:52:18]} 25. Bb2 {[%clk 0:12:25]} Rxf5 {[%clk 0:49:59]} 26. Rxf5
{[%clk 0:11:41]} exf5 {[%clk 0:45:49]} 27. b4 {[%clk 0:06:45]} Kf8
{[%clk 0:42:29]} 28. Rd1 {[%clk 0:06:12]} Nb6 {[%clk 0:42:05]} 29. Qc2
{[%clk 0:02:56]} Qe6 {[%clk 0:40:17]} 30. Qc3 {[%clk 0:01:35]} Qe7
{[%clk 0:38:20]} 31. bxc5 {[%clk 0:00:58]} Qxc5+ {[%clk 0:38:16]} 32. Qxc5+
{[%clk 0:01:07]} Rxc5 {[%clk 0:38:36]} 33. Rd8+ {[%clk 0:01:27]} Kf7
{[%clk 0:38:49]} 34. Rb8 {[%clk 0:01:26]} Rc7 {[%clk 0:38:27]} 35. Bd4
{[%clk 0:01:25]} Nc4 {[%clk 0:38:17]} 36. a4 {[%clk 0:01:18]} g5 {[%clk 0:37:34]}
37. Rb5 {[%clk 0:01:08]} Nd6 {[%clk 0:36:50]} 38. Rd5 {[%clk 0:01:09]} Ke6
{[%clk 0:20:44]} 39. Re5+ {[%clk 0:01:38]} Kd7 {[%clk 0:20:22]} 40. Ra5
{[%clk 0:00:47]} Ke6 {[%clk 0:15:07]} 41. Re5+ {[%clk 0:01:13]} Kf7
{[%clk 0:13:54]} 42. Ra5 {[%clk 0:01:41]} Rc4 {[%clk 0:08:43]} 43. Rxa7+
{[%clk 0:01:31]} Ke6 {[%clk 0:08:35]} 44. Bb2 {[%clk 0:01:04]} f4
{[%clk 0:07:51]} 45. a5 {[%clk 0:00:40]} Rc2 {[%clk 0:07:40]} 46. Ba3
{[%clk 0:00:57]} Nb5 {[%clk 0:07:47]} 47. Ra6+ {[%clk 0:01:22]} Kf5
{[%clk 0:08:08]} 48. Be7 {[%clk 0:01:34]} Kg4 {[%clk 0:07:55]} 49. Rh6
{[%clk 0:01:33]} Nd4 {[%clk 0:06:11]} 50. Kf1 {[%clk 0:00:42]} Nf5
{[%clk 0:06:32]} 51. Rxh7 {[%clk 0:00:55]} Ng3+ {[%clk 0:06:30]} 52. Ke1
{[%clk 0:00:53]} Rxg2 53. Bc5 {[%clk 0:00:53]} f3 {[%clk 0:05:55]} 54. a6
{[%clk 0:00:41]} Re2+ {[%clk 0:06:01]} 55. Kd1 {[%clk 0:01:09]} f2
{[%clk 0:06:05]} 56. Bxf2 {[%clk 0:00:34]} Rxf2 {[%clk 0:06:26]} 57. Rb7
{[%clk 0:00:47]} Ra2 {[%clk 0:06:23]} 58. a7 {[%clk 0:00:48]} Nf5
{[%clk 0:06:29]} 59. Ke1 {[%clk 0:00:52]} Kf3 {[%clk 0:06:39]} 60. Rb3+
{[%clk 0:00:33]} Ne3 {[%clk 0:06:48]} 61. Rb7 {[%clk 0:00:42]} Re2# 0-1

[Event "MPA 2100 2024"]
[Site "Sianozety"]
[Date "2024.04.12"]
[Round "5.3"]
[White "Lewandrowski, Tomasz"]
[Black "Trybus, Dominika"]
[Result "1-0"]
[BlackElo "1867"]
[WhiteElo "1919"]
[LiveChessVersion "1.4.4"]

1. d4 {[%clk 1:30:59]} Nf6 {[%clk 1:30:56]} 2. Nc3 {[%clk 1:31:19]} g6
{[%clk 1:30:14]} 3. e4 {[%clk 1:31:05]} d6 {[%clk 1:30:23]} 4. h4
{[%clk 1:28:27]} Bg7 {[%clk 1:29:26]} 5. Be2 {[%clk 1:27:14]} h5 {[%clk 1:26:07]}
6. Bg5 {[%clk 1:26:50]} Nbd7 {[%clk 1:22:19]} 7. Qd2 {[%clk 1:24:45]} c5
{[%clk 1:22:27]} 8. d5 {[%clk 1:23:40]} Qb6 {[%clk 1:20:26]} 9. Rb1
{[%clk 1:18:21]} a6 {[%clk 1:18:12]} 10. Nf3 {[%clk 1:15:16]} Qb4
{[%clk 1:14:33]} 11. a3 {[%clk 1:14:20]} Qa5 {[%clk 1:14:22]} 12. O-O
{[%clk 1:13:21]} b5 {[%clk 1:13:44]} 13. e5 {[%clk 1:01:56]} dxe5
{[%clk 1:09:28]} 14. d6 {[%clk 1:02:13]} e6 {[%clk 1:07:36]} 15. Nd5
{[%clk 0:56:57]} Qxd2 {[%clk 1:06:39]} 16. Nc7+ {[%clk 0:57:26]} Kd8
{[%clk 1:05:28]} 17. Nxd2 {[%clk 0:57:49]} Rb8 {[%clk 1:03:32]} 18. f4
{[%clk 0:57:15]} e4 {[%clk 0:58:23]} 19. Nxe4 {[%clk 0:56:53]} Bb7
{[%clk 0:58:23]} 20. Bxf6+ {[%clk 0:50:11]} Bxf6 {[%clk 0:58:09]} 21. Ng5
{[%clk 0:50:40]} Bxg5 {[%clk 0:50:05]} 22. fxg5 {[%clk 0:51:09]} Ne5
{[%clk 0:49:24]} 23. a4 {[%clk 0:48:32]} b4 {[%clk 0:42:35]} 24. Nxa6
{[%clk 0:46:33]} Rc8 {[%clk 0:41:10]} 25. Nc7 {[%clk 0:45:50]} Kd7
{[%clk 0:40:44]} 26. Rbd1 {[%clk 0:45:13]} Be4 {[%clk 0:37:33]} 27. c3
{[%clk 0:44:28]} bxc3 {[%clk 0:34:26]} 28. bxc3 {[%clk 0:44:57]} c4
{[%clk 0:33:49]} 29. Rd4 {[%clk 0:42:04]} Bf5 {[%clk 0:32:07]} 30. Rfd1
{[%clk 0:39:46]} Nd3 {[%clk 0:29:28]} 31. Rd2 {[%clk 0:37:39]} Rb8
{[%clk 0:27:27]} 32. Rxc4 {[%clk 0:35:57]} Rb1+ {[%clk 0:27:40]} 33. Kh2
{[%clk 0:35:47]} Nf2 {[%clk 0:26:31]} 34. Bf3 {[%clk 0:35:48]} Rh1+
{[%clk 0:22:49]} 35. Kg3 {[%clk 0:36:04]} Ng4 {[%clk 0:22:05]} 36. Na6
{[%clk 0:33:46]} f6 {[%clk 0:20:42]} 37. Nc5+ {[%clk 0:33:09]} Ke8
{[%clk 0:19:59]} 38. d7+ {[%clk 0:30:48]} Ke7 {[%clk 0:20:07]} 39. Bxg4
{[%clk 0:31:01]} hxg4 {[%clk 0:20:08]} 40. gxf6+ {[%clk 0:31:20]} 1-0

[Event "MPA 2100 2024"]
[Site "Sianozety"]
[Date "2024.04.12"]
[Round "6.1"]
[White "Zgadzaj, Rafal"]
[Black "Gabrys, Lukasz"]
[Result "1-0"]
[BlackElo "1993"]
[WhiteElo "1952"]
[LiveChessVersion "1.4.4"]

1. c4 {[%clk 1:30:58]} f5 {[%clk 1:30:54]} 2. Nc3 {[%clk 1:31:14]} d6
{[%clk 1:31:18]} 3. g3 {[%clk 1:31:05]} Nf6 {[%clk 1:31:39]} 4. Bg2
{[%clk 1:31:20]} e5 {[%clk 1:31:34]} 5. d3 {[%clk 1:30:27]} Be7 {[%clk 1:31:47]}
6. b4 {[%clk 1:29:51]} O-O {[%clk 1:31:15]} 7. Rb1 {[%clk 1:29:12]} a5
{[%clk 1:31:06]} 8. b5 {[%clk 1:27:04]} Kh8 {[%clk 1:31:09]} 9. Nd5
{[%clk 1:21:02]} Nxd5 {[%clk 1:28:36]} 10. cxd5 {[%clk 1:21:11]} Nd7
{[%clk 1:28:53]} 11. Qc2 {[%clk 1:17:35]} Nc5 {[%clk 1:26:09]} 12. Nf3
{[%clk 1:09:36]} f4 {[%clk 1:25:27]} 13. Nd2 {[%clk 1:06:36]} b6 {[%clk 1:23:20]}
14. Ne4 {[%clk 1:01:25]} Qe8 {[%clk 1:17:33]} 15. gxf4 {[%clk 0:52:53]} exf4
{[%clk 1:06:53]} 16. Nxc5 {[%clk 0:45:47]} bxc5 {[%clk 1:07:01]} 17. Bf3
{[%clk 0:45:47]} Qg6 {[%clk 1:03:33]} 18. Qc4 {[%clk 0:44:06]} Bf5
{[%clk 0:47:18]} 19. Bb2 {[%clk 0:35:25]} Rae8 {[%clk 0:47:02]} 20. Kd2
{[%clk 0:35:38]} Qh6 {[%clk 0:43:09]} 21. h4 {[%clk 0:30:59]} Bf6
{[%clk 0:36:25]} 22. Bxf6 {[%clk 0:30:25]} Rxf6 {[%clk 0:35:06]} 23. h5
{[%clk 0:28:10]} Rf7 {[%clk 0:34:52]} 24. Qc3 {[%clk 0:17:41]} Rfe7
{[%clk 0:34:35]} 25. Kd1 {[%clk 0:18:00]} a4 {[%clk 0:30:46]} 26. b6
{[%clk 0:18:01]} cxb6 {[%clk 0:28:54]} 27. Rxb6 {[%clk 0:18:30]} Kg8
{[%clk 0:28:18]} 28. Rg1 {[%clk 0:18:27]} Kf7 {[%clk 0:26:21]} 29. Rxd6
{[%clk 0:18:03]} g6 {[%clk 0:26:00]} 1-0

[Event "MPA 2100 2024"]
[Site "Sianozety"]
[Date "2024.04.12"]
[Round "6.2"]
[White "Lewandrowski, Tomasz"]
[Black "Spyra, Piotr"]
[Result "1-0"]
[BlackElo "1915"]
[WhiteElo "1919"]
[LiveChessVersion "1.4.4"]

1. d4 {[%clk 1:30:59]} Nf6 {[%clk 1:30:45]} 2. Nc3 {[%clk 1:31:24]} d5
{[%clk 1:30:51]} 3. Bf4 {[%clk 1:31:53]} g6 {[%clk 1:31:00]} 4. Nb5
{[%clk 1:31:29]} Na6 {[%clk 1:31:07]} 5. e3 {[%clk 1:31:50]} Bg7 {[%clk 1:30:54]}
6. h4 {[%clk 1:31:37]} h5 {[%clk 1:31:05]} 7. Nf3 {[%clk 1:29:18]} O-O
{[%clk 1:31:13]} 8. Ne5 {[%clk 1:27:03]} c6 {[%clk 1:30:46]} 9. Nc3
{[%clk 1:27:17]} Qb6 {[%clk 1:31:06]} 10. Na4 {[%clk 1:26:19]} Qa5+
{[%clk 1:28:40]} 11. c3 {[%clk 1:26:29]} b5 {[%clk 1:27:45]} 12. Nxc6
{[%clk 1:21:54]} Qxa4 {[%clk 1:23:21]} 13. Qxa4 {[%clk 1:22:23]} bxa4
{[%clk 1:23:39]} 14. Nxe7+ {[%clk 1:22:51]} Kh7 {[%clk 1:21:50]} 15. Nxc8
{[%clk 1:23:12]} Raxc8 {[%clk 1:20:51]} 16. Bxa6 {[%clk 1:23:31]} Rc6
{[%clk 1:21:02]} 17. Bb5 {[%clk 1:15:30]} Rb6 {[%clk 1:21:12]} 18. Bxa4
{[%clk 1:15:50]} Rxb2 {[%clk 1:21:28]} 19. Bb3 {[%clk 1:14:26]} Ne4
{[%clk 1:18:21]} 20. O-O {[%clk 1:10:08]} Nxc3 {[%clk 1:18:12]} 21. Bd6
{[%clk 1:09:43]} Rd8 {[%clk 1:15:37]} 22. Ba3 {[%clk 1:07:31]} Re2
{[%clk 1:10:48]} 23. Rfe1 {[%clk 0:54:43]} f5 {[%clk 1:09:59]} 24. Rxe2
{[%clk 0:52:13]} Nxe2+ {[%clk 1:10:23]} 25. Kf1 {[%clk 0:52:40]} Nc3
{[%clk 1:10:44]} 26. Rc1 {[%clk 0:52:14]} Ne4 {[%clk 1:10:55]} 27. Ke2
{[%clk 0:51:32]} f4 {[%clk 1:11:01]} 28. Rc7 {[%clk 0:50:59]} fxe3
{[%clk 1:09:04]} 29. fxe3 {[%clk 0:51:00]} Ng3+ {[%clk 1:08:52]} 30. Kd3
{[%clk 0:47:34]} Nf5 {[%clk 1:09:08]} 31. Rxa7 {[%clk 0:47:13]} Re8
{[%clk 1:07:12]} 32. Bc1 {[%clk 0:45:44]} Re4 {[%clk 1:07:25]} 33. Bxd5
{[%clk 0:44:05]} Rxh4 {[%clk 1:07:48]} 34. a4 {[%clk 0:42:35]} Nxd4
{[%clk 1:07:58]} 35. Rxg7+ {[%clk 0:40:25]} Kxg7 {[%clk 1:08:22]} 36. Bb2
{[%clk 0:40:42]} Kf6 {[%clk 1:08:12]} 37. Bxd4+ {[%clk 0:40:54]} Ke7
{[%clk 1:08:36]} 38. a5 {[%clk 0:39:40]} 1-0

[Event "MPA 2100 2024"]
[Site "Sianozety"]
[Date "2024.04.12"]
[Round "6.3"]
[White "Sliwerski, Radoslaw"]
[Black "Motyl, Tomasz"]
[Result "0-1"]
[BlackElo "1891"]
[WhiteElo "1995"]
[LiveChessVersion "1.4.4"]

1. d4 {[%clk 1:30:52]} Nf6 {[%clk 1:30:41]} 2. c4 {[%clk 1:31:07]} c5
{[%clk 1:30:54]} 3. d5 {[%clk 1:31:34]} b5 {[%clk 1:31:12]} 4. cxb5
{[%clk 1:32:02]} a6 {[%clk 1:31:36]} 5. bxa6 {[%clk 1:32:28]} Bxa6
{[%clk 1:31:35]} 6. Nc3 {[%clk 1:32:47]} d6 {[%clk 1:31:12]} 7. Nf3
{[%clk 1:33:06]} g6 {[%clk 1:31:23]} 8. g3 {[%clk 1:33:32]} Bg7 {[%clk 1:31:26]}
9. Bg2 {[%clk 1:33:57]} O-O {[%clk 1:31:27]} 10. Rb1 {[%clk 1:34:02]} Nbd7
{[%clk 1:28:43]} 11. O-O {[%clk 1:34:26]} Qc7 {[%clk 1:26:34]} 12. Re1
{[%clk 1:30:55]} Rfb8 {[%clk 1:25:16]} 13. Qc2 {[%clk 1:30:57]} Bc4
{[%clk 1:13:30]} 14. Nd2 {[%clk 1:21:17]} Nb6 {[%clk 1:05:16]} 15. Nxc4
{[%clk 1:20:54]} Nxc4 {[%clk 1:05:43]} 16. a4 {[%clk 1:19:54]} Qa5
{[%clk 0:54:42]} 17. e4 {[%clk 1:03:09]} Nd7 {[%clk 0:41:15]} 18. Bd2
{[%clk 0:29:46]} Nxd2 {[%clk 0:38:24]} 19. Qxd2 {[%clk 0:30:13]} Bxc3
{[%clk 0:32:01]} 20. bxc3 {[%clk 0:30:04]} Qxa4 {[%clk 0:32:11]} 21. f4
{[%clk 0:23:04]} Rb3 {[%clk 0:30:30]} 22. e5 {[%clk 0:15:21]} Rab8
{[%clk 0:24:08]} 23. Rxb3 {[%clk 0:14:32]} Rxb3 {[%clk 0:22:28]} 24. exd6
{[%clk 0:12:42]} exd6 {[%clk 0:22:30]} 25. h4 {[%clk 0:08:18]} Nf6
{[%clk 0:21:02]} 26. f5 {[%clk 0:08:23]} Qc4 {[%clk 0:18:48]} 27. fxg6
{[%clk 0:07:18]} hxg6 {[%clk 0:18:55]} 28. Rc1 {[%clk 0:05:54]} Ra3
{[%clk 0:16:48]} 29. Bf3 {[%clk 0:05:27]} Ra2 {[%clk 0:15:42]} 30. Qd1
{[%clk 0:01:32]} Ne4 {[%clk 0:12:41]} 31. Qf1 {[%clk 0:00:39]} Qxf1+
{[%clk 0:12:14]} 32. Kxf1 {[%clk 0:01:01]} 0-1